000 00327nam a22001337a 4500
008 170505b xxu||||| |||| 00| 0 eng d
020 _a2900872075442
041 _aeng
080 _a34
100 _a14
101 _aSHJ
245 _aUNDERSTANDING AND APLLYING CRITICAL POLICY STUDY
_cEDMONDSON.J
942 _2udc
_cBK
999 _c12776
_d12776